00732nam a2200241Ia 45000010006000000050017000060070003000230080041000260200007000670400025000740410008000990820013001071000025001202450069001452500014002142600050002283000027002786530014003056530016003199420012003359520126003479990017004733457420240114001736.0ta070224s1998 a g b000 u 465 u cHB aCotton College,Assan a465 a921bCHU aChoudhury, Nirad C.. 0aWhy I Mourn for England /cNirad C.Choudhury.hTextual Documents a1st ed. / aCalcutta :bMitra & Ghosh publishers ,c1998. a116p. :bill ;c22cm . aBiography aG-Biography 2ddccBK 001040708Circulation (G)aSKBLbSKBLd2012-02-01f00000l0o921 CHUp1691/Bengr2024-01-14 00:00:00t1w2012-02-01yBK c34556d34556